[Event "SR 4. liga A21 2014/2015"]
[Site "?"]
[Date "2014.10.26"]
[Round "2.1"]
[White "Orvisky, Vladimir"]
[Black "Pipiska, Adam"]
[Result "1-0"]
[WhiteElo "1800"]
[BlackElo "1772"]
[PlyCount "103"]
[EventDate "2014.??.??"]

1. c4 d6 2. d4 g6 3. Nf3 Bg7 4. Nc3 Nf6 5. g3 O-O 6. Bg2 c6 7. O-O Nbd7 8. Bd2
e5 9. dxe5 Nxe5 10. Nxe5 dxe5 11. Qc1 Be6 12. Rd1 Bxc4 13. Bg5 Qe7 14. Ne4 Bd5
15. Nxf6+ Bxf6 16. Bxf6 Qxf6 17. Bxd5 cxd5 18. Rxd5 Rfc8 19. Qd2 Rc6 20. Rd1
Kg7 21. b4 Rac8 22. Qe3 Rc2 23. Qxe5 Qxe5 24. Rxe5 Kf6 25. Re3 Rxa2 26. Rd6+
Kg7 27. Rd7 Rc1+ 28. Kg2 Rcc2 29. Kf3 Rc6 30. Rxb7 Rb6 31. Rc7 Ra4 32. Ree7
Rf6+ 33. Kg2 a6 34. Rb7 Kf8 35. f4 Rxb4 36. Ra7 Rbb6 37. Rec7 Rbc6 38. Ra8+ Kg7
39. Rca7 Rfe6 40. Kf3 Rc3+ 41. e3 Rcxe3+ 42. Kg4 Ra3 43. Rd7 h5+ 44. Kh4 Ra2
45. h3 Rf6 46. Rdd8 Re6 47. Ra7 Ra4 48. Raa8 Re7 49. g4 Rxf4 50. Kg5 f6+ 51.
Kxf4 g5+ 52. Kf3 1-0

[Event "SR 4. liga A21 2014/2015"]
[Site "?"]
[Date "2014.10.26"]
[Round "2.1"]
[White "Sedlak, Rastislav"]
[Black "Klimes, Karel"]
[Result "1-0"]
[WhiteElo "1754"]
[BlackElo "1688"]
[PlyCount "67"]
[EventDate "2014.??.??"]

1. e4 e5 2. Nf3 Nc6 3. Bc4 Be7 4. O-O Nf6 5. Nc3 O-O 6. d3 d6 7. h3 Na5 8. Bb3
a6 9. Bg5 Nxb3 10. cxb3 h6 11. Bh4 c6 12. Rc1 Nh7 13. Bxe7 Qxe7 14. Re1 Ng5 15.
Na4 Rb8 16. Nb6 Be6 17. d4 Qf6 18. Nxg5 Qxg5 19. Re3 exd4 20. Qxd4 Bxh3 21. g3
Rbd8 22. Kh2 Bg4 23. Kg2 Be6 24. f4 Qg4 25. Rh1 f5 26. Rh4 Qg6 27. e5 dxe5 28.
Qxe5 Qf7 29. Qxe6 Rd2+ 30. Kf3 Rxb2 31. Qxf7+ Rxf7 32. a4 Kf8 33. Rh1 g6 34.
Rxh6 1-0

[Event "SR 4. liga A21 2014/2015"]
[Site "?"]
[Date "2014.10.26"]
[Round "2.1"]
[White "Wallner, Juraj"]
[Black "Nedorost, Lubomir"]
[Result "0-1"]
[WhiteElo "1606"]
[BlackElo "1707"]
[PlyCount "56"]
[EventDate "2014.??.??"]

1. e4 c5 2. Nf3 d6 3. d4 cxd4 4. Nxd4 g6 5. Nc3 Bg7 6. Be2 Nf6 7. O-O O-O 8.
Be3 Nc6 9. f4 Bd7 10. f5 Ne5 11. h3 Rc8 12. Nf3 Nc4 13. Bxc4 Rxc4 14. Nd2 Rb4
15. Rb1 Nh5 16. a3 Rb6 17. g4 Nf6 18. Bxb6 Qxb6+ 19. Kg2 Bc6 20. Re1 gxf5 21.
gxf5 Kh8 22. Nf3 Rg8 23. Kh1 Nh5 24. Ng5 Ng3+ 25. Kg2 h6 26. Kxg3 Be5+ 27. Kf3
Rxg5 28. Rg1 Rxf5+ 0-1

[Event "SR 4. liga A21 2014/2015"]
[Site "?"]
[Date "2014.10.26"]
[Round "2.2"]
[White "Kovarik, Oto"]
[Black "Kubis, Ivan"]
[Result "1-0"]
[WhiteElo "1926"]
[BlackElo "1991"]
[PlyCount "143"]
[EventDate "2014.??.??"]

1. e4 e5 2. Nf3 Nc6 3. Bb5 a6 4. Bxc6 dxc6 5. h3 c5 6. Nc3 Bd6 7. d3 Ne7 8. Qe2
O-O 9. Bg5 Be6 10. Bxe7 Qxe7 11. g4 c6 12. Qe3 Rad8 13. O-O-O b5 14. Kb1 a5 15.
Rdg1 c4 16. d4 exd4 17. Nxd4 Bc5 18. Nce2 b4 19. Rd1 Qb7 20. c3 Rb8 21. Qc1
Bxd4 22. Nxd4 c5 23. Nxe6 Qxe4+ 24. Qc2 Qxe6 25. Rhe1 b3 26. Qe4 bxa2+ 27. Kxa2
Qb6 28. Qc2 Rb7 29. Re2 a4 30. Rde1 g6 31. Re8 Ra7 32. Rxf8+ Kxf8 33. Re4 Qa6
34. Qe2 a3 35. Qxc4 axb2+ 36. Qxa6 b1=Q+ 37. Kxb1 Rxa6 38. Kb2 Re6 39. Rf4 Rb6+
40. Kc2 Ke7 41. Kd3 Ra6 42. g5 Ra1 43. h4 Ra3 44. Rf6 Ra4 45. f4 h6 46. c4 hxg5
47. hxg5 Ra1 48. Rc6 Rd1+ 49. Ke3 Re1+ 50. Kf3 Rf1+ 51. Kg3 Rc1 52. Rxc5 Kd6
53. Rd5+ Ke6 54. Rd4 f6 55. gxf6 Kxf6 56. Rd6+ Kf5 57. Rd4 Rc3+ 58. Kf2 Ke6 59.
Ke2 Kf5 60. Kd2 Ra3 61. c5 g5 62. fxg5 Kxg5 63. c6 Ra8 64. Kc3 Rc8 65. Rd6 Kf5
66. Kb4 Ke5 67. Kc5 Rc7 68. Rh6 Rc8 69. Kb6 Ra8 70. Kb7 Ra1 71. c7 Rb1+ 72. Rb6
1-0

[Event "SR 4. liga A21 2014/2015"]
[Site "?"]
[Date "2014.10.26"]
[Round "2.2"]
[White "Bilovsky, Milan"]
[Black "Cerovsky, Marian"]
[Result "1/2-1/2"]
[WhiteElo "1921"]
[BlackElo "1847"]
[PlyCount "129"]
[EventDate "2014.??.??"]

1. e4 e5 2. Nf3 d6 3. d4 exd4 4. Nxd4 c6 5. Be3 Nf6 6. f3 g6 7. Nc3 Bg7 8. Qd2
O-O 9. O-O-O a5 10. g4 b5 11. Nxc6 Nxc6 12. Bxb5 Ne5 13. Be2 Ba6 14. g5 Ne8 15.
f4 Nc4 16. Bxc4 Bxc4 17. f5 Be5 18. h4 Ng7 19. f6 Nh5 20. b3 Bxc3 21. Qxc3 Be6
22. Qc6 Rc8 23. Qxd6 Qxd6 24. Rxd6 Ng3 25. Rhd1 Nxe4 26. Ra6 Nc3 27. Rd2 Nxa2+
28. Kb2 Nb4 29. Rxa5 Rfd8 30. Rxd8+ Rxd8 31. Bc5 Nc6 32. Ra6 Ne5 33. Bd6 Nf3
34. Bg3 Kf8 35. c4 Nd4 36. Bc7 Rc8 37. Bd6+ Ke8 38. Kc3 Nxb3 39. Ra4 Nc5 40.
Bxc5 Rxc5 41. Kd4 Rc7 42. c5 Kd7 43. Ra6 Bh3 44. Rd6+ Kc8 45. Rb6 Bg2 46. Rb2
Rd7+ 47. Kc4 Bf1+ 48. Kc3 Rd3+ 49. Kb4 Rd4+ 50. Ka5 Rxh4 51. Kb6 Re4 52. Rh2
Rb4+ 53. Kc6 Bb5+ 54. Kd6 Rd4+ 55. Ke7 Rd7+ 56. Kf8 Bc4 57. Rxh7 Kc7 58. Rh4
Be6 59. Re4 Bd5 60. Re7 Kc6 61. Kg7 Be6 62. Kf8 Rd8+ 63. Kg7 Rd5 64. Kh6 Rd7
65. Kg7 1/2-1/2

[Event "SR 4. liga A21 2014/2015"]
[Site "?"]
[Date "2014.10.26"]
[Round "2.2"]
[White "Damborsky, Pavol"]
[Black "Brunovsky, Peter"]
[Result "0-1"]
[WhiteElo "1772"]
[BlackElo "1869"]
[PlyCount "84"]
[EventDate "2014.??.??"]

1. e4 c6 2. Nf3 d5 3. exd5 cxd5 4. d4 Nc6 5. c3 g6 6. h3 Bg7 7. Bg5 f6 8. Be3
Nh6 9. Bd3 Nf7 10. O-O O-O 11. Nh2 e5 12. dxe5 fxe5 13. Bc5 Re8 14. Bb5 a6 15.
Bxc6 bxc6 16. Nd2 Bf5 17. Ndf3 Rb8 18. b3 Nd6 19. Bxd6 Qxd6 20. Nd2 Bd3 21. Re1
e4 22. Rc1 h5 23. Nhf1 Be5 24. g3 Qf6 25. f3 Bxc3 26. f4 Bb2 27. Ne3 Bxc1 28.
Qxc1 a5 29. Kh2 Rb6 30. Qd1 Rb5 31. Rg1 Rc5 32. f5 Rf8 33. h4 d4 34. Nec4 Rxf5
35. Qe1 e3 36. Nxe3 dxe3 37. Qxe3 Rd5 38. Nc4 Qf2+ 39. Qxf2 Rxf2+ 40. Rg2 Rxg2+
41. Kxg2 Bxc4 42. bxc4 Rd2+ 0-1

[Event "SR 4. liga A21 2014/2015"]
[Site "?"]
[Date "2014.10.26"]
[Round "2.2"]
[White "Zajicek, Ferdinand"]
[Black "Dubecky, Ladislav"]
[Result "1/2-1/2"]
[WhiteElo "1836"]
[BlackElo "1620"]
[PlyCount "51"]
[EventDate "2014.??.??"]

1. e4 e5 2. Nf3 d6 3. Bc4 Be7 4. Nc3 Nf6 5. h3 O-O 6. d3 a6 7. a3 Nc6 8. O-O
Bd7 9. Nh2 Nd4 10. Ne2 Qc8 11. f4 Nxe2+ 12. Qxe2 exf4 13. Rxf4 b5 14. Bb3 Qb7
15. Be3 Rae8 16. Raf1 Be6 17. Ng4 Nxg4 18. hxg4 Bxb3 19. cxb3 c5 20. Rf5 Bf6
21. Rxf6 gxf6 22. Bh6 Qe7 23. Bxf8 Kxf8 24. Qf3 Kg7 25. g3 Qe5 26. Rf2 1/2-1/2

[Event "SR 4. liga A21 2014/2015"]
[Site "?"]
[Date "2014.10.26"]
[Round "2.2"]
[White "Sprusansky, Ferdinand"]
[Black "Kanka, Tomas"]
[Result "0-1"]
[WhiteElo "1417"]
[BlackElo "1723"]
[PlyCount "64"]
[EventDate "2014.??.??"]

1. e4 e5 2. Nf3 Nc6 3. Bb5 Nf6 4. Nc3 d6 5. d4 exd4 6. Nxd4 Bd7 7. O-O Be7 8.
Re1 O-O 9. Nf5 Bxf5 10. exf5 Ne5 11. b3 c6 12. Bd3 Re8 13. Bb2 Qd7 14. Ne4 d5
15. Nxf6+ Bxf6 16. Rb1 d4 17. Ba3 Rac8 18. f4 Nxd3 19. Qxd3 Red8 20. Re4 c5 21.
Rd1 b5 22. c4 a6 23. Bb2 Rb8 24. Qh3 bxc4 25. Bxd4 cxd4 26. bxc4 Qa4 27. Qh5
Qxa2 28. h3 Rb1 29. Ree1 Rxd1 30. Qxd1 Qxc4 31. Re4 Qc5 32. Qa4 d3+ 0-1

[Event "SR 4. liga A21 2014/2015"]
[Site "?"]
[Date "2014.10.26"]
[Round "2.3"]
[White "Pericka, Tomas"]
[Black "Bjel, Jan"]
[Result "1-0"]
[WhiteElo "2010"]
[BlackElo "1823"]
[PlyCount "57"]
[EventDate "2014.??.??"]

1. e4 c5 2. Nf3 Nc6 3. Bb5 e6 4. O-O Qc7 5. c3 Be7 6. d4 a6 7. Bd3 d6 8. Bf4
cxd4 9. cxd4 e5 10. Be3 Bg4 11. d5 Nb8 12. Nbd2 Nf6 13. Rc1 Qd8 14. Qb3 b5 15.
a4 bxa4 16. Qxa4+ Nbd7 17. Bxa6 Bxf3 18. gxf3 O-O 19. Qc6 Qa5 20. Ra1 Qb4 21.
Ra4 Qb8 22. b4 Bd8 23. Nc4 Be7 24. Rfa1 Qd8 25. b5 Ne8 26. Nb6 Nxb6 27. Bxb6
Qb8 28. Bb7 Rxa4 29. Rxa4 1-0

[Event "SR 4. liga A21 2014/2015"]
[Site "?"]
[Date "2014.10.26"]
[Round "2.3"]
[White "Krchnak, Rudolf"]
[Black "Sadlon, Juraj"]
[Result "1/2-1/2"]
[WhiteElo "1796"]
[BlackElo "1820"]
[PlyCount "80"]
[EventDate "2014.??.??"]

1. d4 Nf6 2. Nc3 d5 3. Bg5 e6 4. e4 dxe4 5. Nxe4 Be7 6. Bxf6 Bxf6 7. Nf3 Nc6 8.
c3 Be7 9. Qd2 b6 10. O-O-O Bb7 11. Bd3 Qd5 12. Kb1 O-O-O 13. Qe2 e5 14. Bc4 Qa5
15. d5 Nb8 16. Nxe5 Rhf8 17. Nxf7 Rxf7 18. d6 Qf5 19. f3 Bxd6 20. Bxf7 Qxf7 21.
Nxd6+ cxd6 22. Rhe1 Nc6 23. Qe6+ Qxe6 24. Rxe6 Kc7 25. f4 Rd7 26. Rde1 Nd8 27.
R6e2 Bd5 28. g3 Nb7 29. b3 Nc5 30. c4 Bf3 31. Re3 Bg4 32. Kb2 Bf5 33. Kc3 d5
34. cxd5 Rxd5 35. Re7+ Rd7 36. Rxd7+ Kxd7 37. b4 Ne6 38. Re5 g6 39. a4 a6 40.
a5 b5 1/2-1/2

[Event "SR 4. liga A21 2014/2015"]
[Site "?"]
[Date "2014.10.26"]
[Round "2.3"]
[White "Pericka, Pavol"]
[Black "Bjel, Lubos"]
[Result "1/2-1/2"]
[WhiteElo "1789"]
[BlackElo "1760"]
[PlyCount "79"]
[EventDate "2014.??.??"]

1. e4 e6 2. d4 d5 3. e5 c5 4. c3 Nc6 5. Nf3 Qb6 6. Bd3 cxd4 7. cxd4 Bb4+ 8. Bd2
Bd7 9. Bxb4 Nxb4 10. Be2 Rc8 11. Nc3 Ne7 12. O-O Nf5 13. g4 Nh6 14. h3 O-O 15.
a3 Nc6 16. Nb5 f6 17. Rc1 fxe5 18. Nd6 Rcd8 19. dxe5 Nxe5 20. Nxe5 Qxd6 21. Qd4
b6 22. Rc3 Nf7 23. f4 Rc8 24. Rfc1 Rxc3 25. Rxc3 Rc8 26. Bd3 Rxc3 27. Qxc3 Nxe5
28. Qxe5 Qxe5 29. fxe5 g5 30. Kf2 h6 31. Ke3 Kf7 32. Kd4 Ke7 33. Be2 Kd8 34. b3
Kc7 35. Bd3 Kb7 36. Kc3 a6 37. Kd4 Bb5 38. Bxb5 axb5 39. b4 Kc6 40. Kc3 1/2-1/2

[Event "SR 4. liga A21 2014/2015"]
[Site "?"]
[Date "2014.10.26"]
[Round "2.3"]
[White "Holan, Jaroslav"]
[Black "Sadlon, Matus"]
[Result "1/2-1/2"]
[WhiteElo "1464"]
[BlackElo "1591"]
[PlyCount "77"]
[EventDate "2014.??.??"]

1. e4 e5 2. f4 d6 3. Nf3 Nc6 4. Bc4 Bg4 5. c3 Nf6 6. d3 Bxf3 7. Qxf3 Be7 8. O-O
Na5 9. Nd2 Qd7 10. fxe5 dxe5 11. b4 Nxc4 12. Nxc4 Qe6 13. Bg5 O-O-O 14. Rfd1
Nd7 15. Bxe7 Qxe7 16. a4 f6 17. Qe3 Kb8 18. a5 a6 19. b5 Qc5 20. bxa6 Qxe3+ 21.
Nxe3 bxa6 22. Rab1+ Ka7 23. Nd5 Nc5 24. Nxc7 Rxd3 25. Rxd3 Nxd3 26. Ne6 Rc8 27.
Nxg7 Rxc3 28. Nh5 Ra3 29. Nxf6 Rxa5 30. Nxh7 Ra2 31. h4 Nf4 32. Nf6 Rxg2+ 33.
Kh1 Rg6 34. Nd7 Rg4 35. Nxe5 Rxh4+ 36. Kg1 Rh6 37. Kf2 Re6 38. Kf3 Nh5 39. Nc4
1/2-1/2

[Event "SR 4. liga A21 2014/2015"]
[Site "?"]
[Date "2014.10.26"]
[Round "2.3"]
[White "Brath, Zdeno"]
[Black "Varga, Adam"]
[Result "1-0"]
[WhiteElo "1500"]
[BlackElo "1316"]
[PlyCount "41"]
[EventDate "2014.??.??"]

1. e4 e5 2. Bc4 Bc5 3. Nf3 Nf6 4. Nxe5 O-O 5. d4 Bb6 6. Nc3 Nxe4 7. O-O Nxc3 8.
bxc3 d5 9. Bd3 Be6 10. Qf3 c6 11. Qg3 f6 12. Bh6 Qe7 13. Ng6 hxg6 14. Qxg6 Rd8
15. Rfe1 Qf7 16. Qh7+ Kf8 17. Rxe6 Rd7 18. Qh8+ Qg8 19. Re8+ Kxe8 20. Qxg8+ Ke7
21. Re1+ 1-0

[Event "SR 4. liga A21 2014/2015"]
[Site "?"]
[Date "2014.10.26"]
[Round "2.4"]
[White "Vepy, Ivan"]
[Black "Jarabek, Milan"]
[Result "1-0"]
[WhiteElo "1923"]
[BlackElo "1690"]
[PlyCount "69"]
[EventDate "2014.??.??"]

1. Nf3 {0} d5 2. d4 Nf6 3. Nc3 e6 4. Bg5 c5 5. e3 Nc6 6. Ne5 cxd4 7. exd4 Be7
8. Bb5 Bd7 9. Nxd7 Qxd7 10. O-O O-O 11. Ne2 a6 12. Bxc6 bxc6 13. Ng3 Rab8 14.
Rb1 Rfc8 15. Re1 c5 16. dxc5 Rxc5 17. Bxf6 Bxf6 18. Ne4 Rc4 19. Nxf6+ gxf6 20.
Re3 Qc7 21. c3 d4 22. Rh3 dxc3 23. bxc3 Rxb1 24. Qxb1 Rxc3 25. Qxh7+ Kf8 26.
Rxc3 Qxc3 27. Qb1 a5 28. h4 a4 29. Qb8+ Kg7 30. Qg3+ Qxg3 31. fxg3 e5 32. Kf2
e4 33. g4 f5 34. gxf5 Kf6 35. g4 1-0

[Event "SR 4. liga A21 2014/2015"]
[Site "?"]
[Date "2014.10.26"]
[Round "2.4"]
[White "Harastova, Viera"]
[Black "Vogl, Zdenek"]
[Result "1/2-1/2"]
[WhiteElo "1876"]
[BlackElo "1909"]
[PlyCount "36"]
[EventDate "2014.??.??"]

1. d4 e6 2. c4 Nf6 3. Nc3 b6 4. Bg5 Be7 5. e3 Bb7 6. Nf3 h6 7. Bh4 d6 8. Be2
O-O 9. O-O Ne4 10. Bxe7 Qxe7 11. Qc2 f5 12. Nd2 Nxd2 13. Qxd2 Rf6 14. d5 Nd7
15. dxe6 Qxe6 16. Nd5 Bxd5 17. Qxd5 Qxd5 18. cxd5 a5 1/2-1/2

[Event "SR 4. liga A21 2014/2015"]
[Site "?"]
[Date "2014.10.26"]
[Round "2.4"]
[White "Hrubsa, Marian"]
[Black "Zlamal, Marek"]
[Result "0-1"]
[WhiteElo "1826"]
[BlackElo "1671"]
[PlyCount "128"]
[EventDate "2014.??.??"]

1. e4 c5 2. Nf3 Nc6 3. d4 cxd4 4. Nxd4 e5 5. Nb5 a6 6. Nd6+ Bxd6 7. Qxd6 Qe7 8.
Qd1 Nf6 9. Nc3 h6 10. a4 O-O 11. Be2 Qb4 12. O-O Nxe4 13. Nxe4 Qxe4 14. Bd3 Qh4
15. f4 d6 16. Be4 Qe7 17. f5 f6 18. Ra3 Rd8 19. Rg3 Kf8 20. Qg4 g5 21. Rh3 d5
22. Rxh6 Qc5+ 23. Kh1 Ke7 24. Rh7+ Kd6 25. Rd1 Ne7 26. Qf3 d4 27. Rf7 Ng8 28.
b4 Qc4 29. a5 Qxf7 30. b5 axb5 31. Qg3 Nh6 32. Qa3+ Kd7 33. Qc5 Qc4 34. Qa3 Qe2
35. Bf3 Qxc2 36. Bb2 Qa4 37. Qc5 Qc4 38. Qa3 Qc7 39. Rc1 Qd6 40. Qb3 Rxa5 41.
Be4 Ke7 42. Qh3 Nf7 43. Qf3 Rh8 44. Bxb7 e4 45. Qxe4+ Be6 46. Qxe6+ Qxe6 47.
fxe6 Kxe6 48. Bxd4 Ne5 49. Rb1 Rb8 50. Be4 Ra4 51. Bxe5 Kxe5 52. Bc6 Rc4 53.
Bxb5 Rc5 54. Re1+ Kd6 55. Bd3 Rbc8 56. Kg1 Rc1 57. Kf1 Rxe1+ 58. Kxe1 Ke5 59.
Kf2 f5 60. h3 Rb8 61. g3 Rb2+ 62. Kf3 Rb3 63. Ke2 f4 64. g4 Kd4 0-1

[Event "SR 4. liga A21 2014/2015"]
[Site "?"]
[Date "2014.10.26"]
[Round "2.4"]
[White "Antalek, Rudolf"]
[Black "Planka, Peter"]
[Result "1-0"]
[WhiteElo "1532"]
[BlackElo "1764"]
[PlyCount "125"]
[EventDate "2014.??.??"]

1. e4 e5 2. Nf3 Nc6 3. Bc4 Bc5 4. d3 Nf6 5. O-O O-O 6. Bg5 d6 7. Nbd2 Be6 8.
Bb3 h6 9. Bh4 Bxb3 10. Nxb3 Bb6 11. c3 Qe7 12. Qc2 Qe6 13. Rfe1 Nd7 14. Rad1 f5
15. d4 Qf7 16. dxe5 Ndxe5 17. Nxe5 Nxe5 18. exf5 Qxf5 19. Qxf5 Rxf5 20. Nd4 Rf7
21. Bg3 Nd7 22. Rd2 Raf8 23. f3 Nf6 24. Bf2 g5 25. Rde2 Kh7 26. Nf5 Bxf2+ 27.
Kxf2 g4 28. Nd4 gxf3 29. Nxf3 Nd5 30. Kg1 Kg7 31. Nd4 Nf4 32. Re3 Kh7 33. Ne6
Nxe6 34. Rxe6 Kg7 35. Re7 Rxe7 36. Rxe7+ Rf7 37. Rxf7+ Kxf7 38. Kf2 Kf6 39. Kf3
d5 40. Kf4 c5 41. g4 b5 42. h4 c4 43. g5+ hxg5+ 44. hxg5+ Ke6 45. g6 b4 46. g7
Kf7 47. Ke5 bxc3 48. g8=Q+ Kxg8 49. bxc3 Kf7 50. Kxd5 Ke7 51. Kxc4 Kd6 52. Kb5
Kc7 53. a4 Kb7 54. c4 Kc7 55. a5 Kb7 56. Kc5 Kc7 57. Kd5 Kd7 58. c5 Kc7 59. c6
Kc8 60. Kd6 Kd8 61. c7+ Kc8 62. Kc6 a6 63. Kb6 1-0

[Event "SR 4. liga A21 2014/2015"]
[Site "?"]
[Date "2014.10.26"]
[Round "2.4"]
[White "Bartos, Bohumil"]
[Black "Uhliarik, Adam"]
[Result "1-0"]
[WhiteElo "1502"]
[BlackElo "1000"]
[PlyCount "77"]
[EventDate "2014.??.??"]

1. d4 d5 2. c4 Nf6 3. Nc3 c6 4. Bg5 e6 5. e3 h6 6. Bh4 b6 7. Nf3 Be7 8. Rc1
Nbd7 9. Bxf6 Bxf6 10. cxd5 exd5 11. b4 O-O 12. Be2 c5 13. bxc5 bxc5 14. Nxd5
Qa5+ 15. Qd2 Qxd2+ 16. Kxd2 cxd4 17. Nxf6+ Nxf6 18. Nxd4 Ne4+ 19. Ke1 Rb8 20.
f3 Nd6 21. Kd2 Nf5 22. Rb1 Rxb1 23. Rxb1 Nxd4 24. exd4 Rd8 25. Rb8 Rxd4+ 26.
Kc3 Rd8 27. Ba6 Kf8 28. Rxc8 Rxc8+ 29. Bxc8 g5 30. Kd4 Kg7 31. Ke5 Kg6 32. g4
f6+ 33. Kd6 h5 34. h3 hxg4 35. hxg4 a6 36. Bxa6 f5 37. Bd3 Kf6 38. Bxf5 Kf7 39.
a4 1-0

[Event "SR 4. liga A21 2014/2015"]
[Site "?"]
[Date "2014.10.26"]
[Round "2.5"]
[White "Podjavorinsky, Michal"]
[Black "Diviak, Rastislav"]
[Result "1/2-1/2"]
[WhiteElo "1736"]
[BlackElo "2001"]
[PlyCount "55"]
[EventDate "2014.??.??"]

1. f4 c5 2. Nf3 Nc6 3. e4 d6 4. d3 g6 5. g3 Bg7 6. Bg2 e6 7. c3 Nge7 8. O-O O-O
9. Be3 Rb8 10. Re1 b6 11. Nbd2 d5 12. Bf2 Ba6 13. Nb3 dxe4 14. dxe4 Rb7 15.
Qxd8 Rxd8 16. Rad1 Rbb8 17. e5 Bb5 18. g4 Rxd1 19. Rxd1 Rd8 20. Rxd8+ Nxd8 21.
Nbd2 Bd3 22. Ne1 Be2 23. Bh4 Ndc6 24. h3 Bh6 25. Kf2 Ba6 26. Bxe7 Nxe7 27. g5
Bf8 28. Be4 1/2-1/2

[Event "SR 4. liga A21 2014/2015"]
[Site "?"]
[Date "2014.10.26"]
[Round "2.5"]
[White "Ocko, Martin"]
[Black "Miciak, Emanuel"]
[Result "1-0"]
[WhiteElo "1857"]
[BlackElo "1882"]
[PlyCount "65"]
[EventDate "2014.??.??"]

1. e4 c5 2. Nf3 Nc6 3. d4 cxd4 4. Nxd4 Nf6 5. Nc3 e5 6. Ndb5 d6 7. Bg5 a6 8.
Na3 b5 9. Nd5 Be7 10. Bxf6 Bxf6 11. c3 O-O 12. Nc2 Bg5 13. a4 Rb8 14. axb5 axb5
15. Bd3 g6 16. Qe2 b4 17. Ncxb4 Nxb4 18. Nxb4 Rxb4 19. cxb4 f5 20. O-O f4 21.
Bc4+ Kh8 22. f3 Bh4 23. Ra8 Qe7 24. Ba6 Be6 25. Rxf8+ Qxf8 26. Bc4 Bd7 27. Qd3
Be7 28. Qd5 Qc8 29. Ra1 Bc6 30. Qe6 Qd8 31. Kf1 Bh4 32. Ra7 d5 33. Qxc6 1-0

[Event "SR 4. liga A21 2014/2015"]
[Site "?"]
[Date "2014.10.26"]
[Round "2.5"]
[White "Smrek, Peter"]
[Black "Diviak, Rudolf"]
[Result "1/2-1/2"]
[WhiteElo "1831"]
[BlackElo "1836"]
[PlyCount "95"]
[EventDate "2014.??.??"]

1. c4 d6 2. g3 g6 3. Bg2 Bg7 4. Nc3 c6 5. e4 Nd7 6. Nge2 e5 7. d3 Rb8 8. a4 a6
9. O-O Ngf6 10. h3 O-O 11. Be3 Qa5 12. Qd2 Qc7 13. b4 a5 14. b5 c5 15. f4 b6
16. g4 Bb7 17. Rac1 Qd8 18. f5 Qe8 19. Ng3 Kh8 20. Bf3 Ng8 21. h4 f6 22. Qh2
Bh6 23. g5 Bg7 24. fxg6 hxg6 25. h5 fxg5 26. Bxg5 Bh6 27. Bxh6 Nxh6 28. hxg6
Qxg6 29. Rc2 Nf6 30. Rg2 Qh7 31. Nh5 Nxh5 32. Bxh5 Rg8 33. Bf7 Rxg2+ 34. Kxg2
Rf8 35. Bd5 Qg7+ 36. Qg3 Qxg3+ 37. Kxg3 Rxf1 38. Bxb7 Kg7 39. Nd5 Rf8 40. Bc6
Rb8 41. Kh4 Ng8 42. Kg5 Kf7 43. Nc7 Ne7 44. Bd5+ Nxd5 45. Nxd5 Ke6 46. Kg6 Rg8+
47. Kh7 Rb8 48. Kg7 1/2-1/2

[Event "SR 4. liga A21 2014/2015"]
[Site "?"]
[Date "2014.10.26"]
[Round "2.5"]
[White "Ulehla, Jakub"]
[Black "Lanyi, Frantisek"]
[Result "1/2-1/2"]
[WhiteElo "1479"]
[BlackElo "1655"]
[PlyCount "99"]
[EventDate "2014.??.??"]

1. e4 e5 2. Nf3 Nc6 3. Bb5 Nf6 4. d3 d6 5. c3 a6 6. Ba4 b5 7. Bb3 Na5 8. Bc2 h6
9. O-O c5 10. Re1 Bg4 11. Nbd2 Be7 12. Nf1 Nh7 13. h3 Bh5 14. Ng3 Bg6 15. d4
cxd4 16. cxd4 exd4 17. Nxd4 O-O 18. Ngf5 Bf6 19. Bf4 Be5 20. Be3 Nc4 21. Nc6
Nxe3 22. Nxe3 Qh4 23. Nxe5 dxe5 24. Nd5 Rad8 25. Qe2 Ng5 26. Ne7+ Kh7 27. Nxg6
fxg6 28. Rad1 Ne6 29. Qe3 Nd4 30. Bb1 Rf6 31. f3 Rdf8 32. Rf1 Nxf3+ 33. Kh1 Nd4
34. Rxf6 Rxf6 35. Bd3 Qf2 36. Qc1 Ne2 37. Bxe2 Qxe2 38. Re1 Qd3 39. Re3 Rf1+
40. Kh2 Rxc1 41. Rxd3 Rc2 42. Rd6 Rxb2 43. Rxa6 Rb4 44. Ra5 Rxe4 45. Rxb5 g5
46. Rb6 Ra4 47. Re6 e4 48. Kg3 Ra3+ 49. Kh2 e3 50. Kg1 1/2-1/2

[Event "SR 4. liga A21 2014/2015"]
[Site "?"]
[Date "2014.10.26"]
[Round "2.5"]
[White "Madzo, Anton"]
[Black "Trojkova, Michaela"]
[Result "0-1"]
[WhiteElo "1582"]
[BlackElo "1461"]
[PlyCount "88"]
[EventDate "2014.??.??"]

1. Nf3 Nf6 2. g3 d6 3. d3 e5 4. e4 Nc6 5. Bg5 Be7 6. Nc3 Be6 7. Bg2 Qd7 8. Qd2
h6 9. Bxf6 Bxf6 10. a3 Bh3 11. O-O Bxg2 12. Kxg2 O-O 13. Nd5 Be7 14. b4 a6 15.
c3 Rac8 16. Nxe7+ Nxe7 17. Ng1 f5 18. f4 fxe4 19. dxe4 exf4 20. Rxf4 Rxf4 21.
Qxf4 Rf8 22. Qe3 Qc6 23. Qd3 Ng6 24. Qd5+ Qxd5 25. exd5 Ne5 26. Rf1 Rxf1 27.
Kxf1 Kf7 28. Ke2 Kf6 29. Nf3 Nxf3 30. Kxf3 Ke5 31. Ke3 Kxd5 32. Kd3 b5 33. h3
g5 34. h4 gxh4 35. gxh4 h5 36. Kd2 Kc4 37. Kc2 c6 38. Kb2 Kd3 39. Kb3 Ke4 40.
Kc2 Kf4 41. Kd2 Kg4 42. Ke2 Kxh4 43. Kf2 Kg4 44. Kg2 Kf4 0-1

[Event "SR 4. liga A21 2014/2015"]
[Site "?"]
[Date "2014.10.26"]
[Round "2.6"]
[White "Bango, Lukas"]
[Black "Lanik, Miroslav"]
[Result "1-0"]
[WhiteElo "1917"]
[BlackElo "1895"]
[PlyCount "79"]
[EventDate "2014.??.??"]

1. c4 e5 2. Nc3 Nf6 3. g3 c6 4. d4 exd4 5. Qxd4 d5 6. Bg5 Be7 7. O-O-O Be6 8.
cxd5 cxd5 9. Qa4+ Qd7 10. Qxd7+ Nbxd7 11. Nf3 Ne4 12. Nxe4 dxe4 13. Bxe7 Kxe7
14. Nd4 Rac8+ 15. Kb1 Rhd8 16. Bg2 f5 $11 17. g4 g6 18. gxf5 Bxf5 19. Nxf5+
gxf5 20. Bh3 Ke6 21. Rhg1 Nf6 22. Rxd8 Rxd8 23. Rg5 Rd5 24. Kc1 a6 25. Rg7 b5
26. Rc7 Rd6 27. Rc5 Nd5 28. a3 Kf6 29. e3 Ne7 30. Bf1 Rc6 31. Rxc6+ Nxc6 32. a4
Na7 33. Kd2 Ke5 34. axb5 Nxb5 35. Bxb5 axb5 36. Kc3 Kd5 37. Kb4 Kc6 38. Ka5 Kc5
39. b3 Kc6 40. b4 1-0

[Event "SR 4. liga A21 2014/2015"]
[Site "?"]
[Date "2014.10.26"]
[Round "2.6"]
[White "Palka, Miroslav"]
[Black "Mackovic, Matus"]
[Result "1/2-1/2"]
[WhiteElo "1912"]
[BlackElo "1949"]
[PlyCount "75"]
[EventDate "2014.??.??"]

1. c4 Nf6 2. Nc3 g6 3. e4 d6 4. d4 Bg7 5. f3 O-O 6. Be3 e5 7. d5 Ne8 8. Qd2 f5
9. Bg5 Nf6 10. h4 fxe4 11. fxe4 Bg4 12. Be2 Qd7 13. O-O-O Na6 14. Bxf6 Bxf6 15.
Bxg4 Qxg4 16. Nf3 Qf4 17. Qxf4 $11 exf4 18. Ne2 Nc5 19. Nxf4 Bxb2+ 20. Kxb2
Rxf4 21. Rhe1 Rxe4 22. Rxe4 Nxe4 23. Re1 Re8 24. Ng5 Nf6 25. Ne6 c6 26. Rf1 Ng4
27. Rf3 Ne5 28. Rc3 Re7 29. Kb3 c5 30. Rc2 Nf7 31. Rf2 a6 32. a4 b6 33. Kc3 Rb7
34. Rb2 $11 Ne5 35. Rf2 Nd7 36. Rb2 Nf8 37. Nd8 Rb8 38. Nc6 1/2-1/2

[Event "SR 4. liga A21 2014/2015"]
[Site "?"]
[Date "2014.10.26"]
[Round "2.6"]
[White "Mackovic, Miroslav"]
[Black "Kubik, Peter"]
[Result "0-1"]
[WhiteElo "1846"]
[BlackElo "1854"]
[PlyCount "109"]
[EventDate "2014.??.??"]

1. e4 d5 2. exd5 Qxd5 3. Nc3 Qa5 4. d4 Nf6 5. Nf3 Bg4 6. Be2 Nbd7 7. O-O e6 8.
h3 Bf5 9. Bd2 c6 10. Nh4 O-O-O 11. Nxf5 Qxf5 12. Bd3 Qh5 13. Qxh5 Nxh5 14. Ne4
Nhf6 15. Ng5 Re8 16. Nxf7 Rg8 17. Rfe1 Re7 18. Ng5 e5 19. dxe5 Rxe5 20. Rxe5
Nxe5 21. Bxh7 Nxh7 22. Nxh7 Bc5 23. Ng5 Rf8 24. Ne4 Bb6 25. Kf1 Nc4 26. f3 Nxb2
27. Bg5 Nc4 28. Rd1 Rf5 29. h4 Ra5 30. Nd6+ Nxd6 31. Rxd6 Rxa2 32. Rd2 Ba5 33.
Re2 Bc3 34. Kf2 a5 35. Ke3 a4 36. Kd3 Bb2 37. h5 a3 38. c3 Ra1 39. Re8+ Kc7 40.
Ra8 Rd1+ 41. Ke2 Rd5 42. f4 b5 43. g4 Kb7 44. Ra5 b4 45. Ra4 Bxc3 46. Be7 c5
47. g5 Rd2+ 48. Ke3 a2 49. Bf6 gxf6 50. g6 f5 51. h6 b3 52. g7 Rg2 53. Kf3 Rg1
54. Ra3 a1=Q 55. Rxa1 0-1